00487 2200193 4500001002100000008004100021035002000062245007400082100001500156250000600171260003200177084001400209082000800223650001400231990001200245990001200257990001200269990001200281INLIS000000000000458 ind  a0010-0424000434 aNama - Nama Besar; Penghargaan Sepanjang Abad Alfred NobelcLisa Wang aWang, Lisa a1 aBandung :bPakar Rayac2010 a600 LIS n a600 aNon Fiksi a0722631 a0722632 a0722633 a0722634